000 00423nam a2200169Ia 4500
008 230524s9999 xx 000 0 und d
020 _a8187433272
082 _a621.382
_bCHH
100 _aBhupendra Singh Chhabra
_95242
245 0 _aDigital Electronics and Microprocessor
250 _a*
260 _aNEW DELHI
_bDhanpat Rai
300 _a526
500 _aQuantity Number: 1
650 _aElectronics
942 _cBK
999 _c7591
_d7591